000
00322nam a2200121Ia 4500
008
220204s9999 xx 000 0 und d
020
_a
8124004498
082
_a
81`36=573.14
_b
RAM
100
_a
Ramachandran Nair, P
245
0
_a
Thettillatha Malayalam (Malayalam)
260
_a
Kottayam
_b
Current Books
_c
2003
942
_c
BK
999
_c
42449
_d
42449